[Event "Perm op 02"]
[Site "Perm"]
[Date "2010.03.03"]
[Round "4"]
[White "Fedotova, Nina S"]
[Black "Klepikov, Nikita"]
[Result "0-1"]
[WhiteElo "2037"]
[BlackElo "2039"]
[PlyCount "54"]
[EventDate "2010.02.27"]
[EventType "swiss"]
[EventRounds "9"]
[EventCountry "RUS"]
[SourceTitle "EXT 2011"]
[Source "ChessBase"]
[SourceDate "2010.11.26"]
[SourceVersion "1"]
[SourceVersionDate "2010.11.26"]
[SourceQuality "1"]

1. e4 e5 2. Nf3 Nc6 3. Bb5 a6 4. Ba4 Bc5 5. c3 Qf6 6. 0-0 Ba7 7. b4 Nge7 8. d3 h6 9. Nbd2 0-0 10. Bb2 d6 11. Bb3 Ng6 12. Nc4 Nf4 13. Ne3 Be6 14. Nd5 Bxd5 15. Bxd5 Nxd5 16. exd5 Ne7 17. c4 Ng6 18. Qe2 Rae8 19. Qe4 Qf4 20. a4 f5 21. Qxf4 Nxf4 22. Ra3 e4 23. dxe4 fxe4 24. Ne1 Ne2+ 25. Kh1 Bxf2 26. g3 Bxe1 27. Rxe1 Rf2 0-1

[Event "Perm op 02"]
[Site "Perm"]
[Date "2010.02.27"]
[Round "1"]
[White "Batrak, Alexandra"]
[Black "Fedotova, Nina S"]
[Result "1-0"]
[WhiteElo "2001"]
[BlackElo "1982"]
[PlyCount "45"]
[EventDate "2010.02.27"]
[EventType "swiss"]
[EventRounds "9"]
[EventCountry "RUS"]
[SourceTitle "EXT 2011"]
[Source "ChessBase"]
[SourceDate "2010.11.26"]
[SourceVersion "1"]
[SourceVersionDate "2010.11.26"]
[SourceQuality "1"]

1. Nf3 e6 2. e4 d5 3. e5 Ne7 4. d4 Nf5 5. Bd3 c5 6. c3 Nc6 7. 0-0 cxd4 8. cxd4 Nfxd4 9. Nxd4 Nxd4 10. Qg4 Nc6 11. Bf4 Bd7 12. Nc3 g6 13. Nb5 a6 14. Nd6+ Bxd6 15. exd6 0-0 16. Bh6 Re8 17. Rae1 Rc8 18. h4 b5 19. h5 Na5 20. hxg6 hxg6 21. Bxg6 Qf6 22. Bd3+ Kh8 23. Bg5 1-0